000 00603nam a2200241 a 4500
001 0001-1298
003 ELIB.Books
008 150706 2010 eng
020 _aLCCCN: 6116562
035 _a(ELIB.Books)0001-1453
092 _a242
_bPet
100 _aPeterson, Wilferd A.
245 _aThe Arts of Living
260 _aNew York
_bSimon and Schuster
_c1961
300 _a53
_c22 Cm
500 _aLibrary
650 _aDevotional Literature
856 _nKBTS: Library
_uKBTS: Elib
942 _2ddc
_cBK
990 _a1
998 _cbat
_e2015-07-06
999 _c11298
_d11298